00473nam a2200145Ia 4500008004100000020001800041082001200059100002600071245004700097260001900144500001300163942000700176952012900183999001500312260604s9999 xx 000 0 und d a9781647287184 a004 KAP aWilliam kaplan935711 0aData Protection: Laws and Regulations 2025 bWillford Press aIT, Data cBK 00104070aIIMVbIIMVcLOCKERd2026-06-04g13872.50l0o004 KAPp004153r2026-06-04 10:20:39v13872.50w2026-06-04yBKBKAP c8535d8535